Uzbekistan all time starting xi - Statistics

General Stats
  • This quiz has been taken 8 times
  • The average score is 2 of 11
Answer Stats
Hint Answer % Correct
DF(2023- Abdukodir Khusanov
83%
FW(2015- Eldor Shomurodov
83%
GK(2002-2019 Ignatiy Nesterov
17%
MF(2007-2021 Odil Akhmedov
17%
FW(2002-2017 Aleksandr Geynrikh
0%
DF(2007-2019 Anzur Ismoilov
0%
FW(2013- Igor Sergeev
0%
DF(2009-2021 Islom Tukhtakhuzhaev
0%
MF(2002-2017 Server Djeparov
0%
MF(2002-2015 Timur Kapadze
0%
DF(2007-2018 Vitaliy Denisov
0%
No matching quizzes found
Score Distribution
Percent of People with Each Score
Percentile by Number Answered
Your Score History
You have not taken this quiz